|
|
|
|
| LEADER |
00000nas a2200000 a 4500 |
| 001 |
ssj0037956 |
| 003 |
WaSeSS |
| 005 |
20200512172242.0 |
| 006 |
m d |
| 007 |
cr n |
| 008 |
860926d19872013fr tr p s i0 a0eng c |
| 010 |
|
|
|a sn 86011551
|
| 016 |
7 |
|
|a 9887601
|2 DNLM
|
| 016 |
7 |
|
|a SR0078009
|2 DNLM
|
| 016 |
7 |
|
|a 009859596
|2 Uk
|
| 016 |
|
|
|a (AMICUS)000008360862
|
| 022 |
|
|
|l 0890-4960
|y 0890-4960
|
| 035 |
|
|
|a (WaSeSS)ssj0037956
|
| 040 |
|
|
|a NSD
|b eng
|c NSD
|d NSD
|d NYG
|d COO
|d CRL
|d NST
|d DLC
|d NST
|d IUL
|d WAU
|d NLM
|d DLC
|d AGL
|d IUL
|d DLC
|d OCLCQ
|d IUL
|d UKMGB
|d OCLCF
|d UMC
|d AQM
|d NLC
|d OCLCQ
|d INT
|d OCLCQ
|d WaSeSS
|
| 041 |
0 |
|
|a eng
|g fre
|
| 042 |
|
|
|a nsdp
|a pcc
|
| 050 |
0 |
0 |
|a Z700.9
|b .I565
|
| 070 |
0 |
|
|a Z700.9
|b .I565
|
| 072 |
|
0 |
|a X200
|
| 082 |
1 |
0 |
|a 025
|2 11
|
| 210 |
0 |
|
|a Int. preserv. news
|
| 222 |
|
0 |
|a International preservation news
|
| 245 |
0 |
0 |
|6 880-01
|a International preservation news
|h [electronic resource] :
|b a newsletter of the IFLA Programme on Preservation and Conservation = Internationale Nachrichten der Konservierung = Les nouvelles internationales de préservation = Mezhdunarodnye novosti konservat͡s︡ii.
|
| 246 |
3 |
1 |
|a Internationale Nachrichten der Konservierung
|
| 246 |
3 |
1 |
|a Nouvelles internationales de préservation
|
| 246 |
3 |
1 |
|6 880-02
|a Mezhdunarodnye novosti konservat͡s︡ii
|
| 246 |
1 |
3 |
|a IPN
|f Dec. 1992-
|
| 246 |
1 |
3 |
|a PAC newsletter
|f Dec. 1992-
|
| 260 |
|
|
|a Washington, DC :
|b Library of Congress, IFLA PAC Core Programme, National Preservation Program Office,
|c 1987-[2013]
|
| 310 |
|
|
|a Three times a year,
|b 2003-
|
| 321 |
|
|
|a Irregular,
|b Sept. 1987-Aug. 1990
|
| 321 |
|
|
|a Semiannual,
|b Dec. 1992-
|
| 362 |
0 |
|
|a No. 1 (Sept. 1987)-no. 61 (Dec. 2013).
|
| 500 |
|
|
|a Title from caption.
|
| 500 |
|
|
|a Subtitle varies.
|
| 500 |
|
|
|a Published in Paris, <May 2009>-Dec. 2013.
|
| 506 |
|
|
|a License restrictions may limit access.
|
| 525 |
|
|
|a Supplements in French accompany some numbers.
|
| 550 |
|
|
|a Published by: National Preservation Program Office, Library of Congress for the International Federation of Library Associations and Institutions, Core Programme on Preservation and Conservation, 1987-<2003>; IFLA Core Activity on Preservation and Conservation, <May 2009>-Dec. 2013.
|
| 610 |
2 |
0 |
|a IFLA Programme on Preservation and Conservation
|v Periodicals.
|
| 610 |
2 |
7 |
|a IFLA Programme on Preservation and Conservation.
|2 fast
|0 (OCoLC)fst00634458
|
| 650 |
|
0 |
|a Library materials
|x Conservation and restoration
|v Periodicals.
|
| 650 |
|
0 |
|a Archival materials
|x Conservation and restoration
|v Periodicals.
|
| 650 |
|
7 |
|a Archival materials
|x Conservation and restoration.
|2 fast
|0 (OCoLC)fst00813994
|
| 650 |
|
7 |
|a Library materials
|x Conservation and restoration.
|2 fast
|0 (OCoLC)fst00997803
|
| 655 |
|
0 |
|a Electronic journals.
|
| 710 |
2 |
|
|a IFLA Programme on Preservation and Conservation.
|
| 710 |
2 |
|
|a Library of Congress.
|b National Preservation Program Office.
|
| 710 |
2 |
|
|a IFLA Core Activity on Preservation and Conservation.
|
| 850 |
|
|
|a C
|a CSt
|a CU
|a DLC
|a DNAL
|a ICRL
|a InU
|a KyU
|a MBU
|a MiDW
|a MoKL
|a MoSW-M
|a N
|a NBuU-LL
|a NIC
|a NNC
|a NjR
|a OU
|a P
|a TU
|a WaU
|
| 856 |
4 |
0 |
|z Full text available from Research Library: 07/01/2007 to 12/31/2013
|u https://search.proquest.com/publication/76084
|
| 880 |
0 |
0 |
|6 245-01/(N
|a International preservation news :
|b a newsletter of the IFLA Programme on Preservation and Conservation = Internationale Nachrichten der Konservierung = Les nouvelles internationales de préservation = Международные новости консервации.
|
| 880 |
3 |
1 |
|6 246-02/(N
|a Международные новости консервации
|